Materials and the environment : eco-informed material choice

Saved in:
Bibliographic Details
Main Author: Ashby, M. F.
Format: Book
Language:English
Published: Amsterdam : Butterworh-Heinemann, c2009
Subjects:
Tags: Add Tag
No Tags, Be the first to tag this record!

MARC

LEADER 00000nam a2200000 i 4500
001 1/24899
008 130123s2009 eng d
020 |a 978-1-85617-608-8 (pbk.) 
035 |l 10113546 
040 |a GR-MY-UA  |b gre  |e aacr 
041 0 |a eng 
082 0 |a 620.110286  |2 (22) 
100 1 |a Ashby, M. F. 
245 1 0 |a Materials and the environment :  |b eco-informed material choice /  |c Michael F. Ashby 
260 |a Amsterdam :   |b Butterworh-Heinemann,   |c c2009 
300 |a xi, 385 σ.;  |b διαγρ., πίν.;  |c 24 εκ. 
504 |a Περιέχει βιβλιογραφικές παραπομπές και ευρετήριο 
650 0 0 |a Materials  |x Environmental aspects. 
852 |a INST  |b CHIOS  |e 20130123  |h 620.110286 ASH  |p 005200035548  |q 005200035548  |t BK  |y 0 
901 |a BIBL2-2013-1 
909 |a Χ  |b 177873 
922 |a 2ΕΛΗ  |b 201211  |c TAK/TNEY  |d ΙΩΑΝΝΙΔΟΥ 
970 |a ΣΠΕΝΤΖΑ  |b ΕΛΕΝΗ  |z 2012/01/23